Industrial plant guide : Controlled atmosphere furnaces and equipment

שמור ב:
מידע ביבליוגרפי
מחבר תאגידי: The Yokohama Industrial Institude
פורמט: ספר
שפה:Undetermined
יצא לאור: Japan The Yokohama Industrial Institude 1973
נושאים:
תגים: הוספת תג
אין תגיות, היה/י הראשונ/ה לתייג את הרשומה!
Thư viện lưu trữ: Trung tâm Học liệu Trường Đại học Cần Thơ
LEADER 00609nam a2200205Ia 4500
001 CTU_96445
008 210402s9999 xx 000 0 und d
082 |a 338.4 
082 |b Y54 
110 |a The Yokohama Industrial Institude 
245 0 |a Industrial plant guide : 
245 0 |b Controlled atmosphere furnaces and equipment 
245 4 |c The Yokohama Industrial Institude 
260 |a Japan 
260 |b The Yokohama Industrial Institude 
260 |c 1973 
650 |a Protective atmospheres 
650 |x Congresses 
904 |i Giang 
980 |a Trung tâm Học liệu Trường Đại học Cần Thơ